[Event "Pinamar Masters 1st"]
[Site "Pinamar"]
[Date "2001.03.17"]
[Round "10"]
[White "Hoffman, Alejandro"]
[Black "Van Riemsdijk, Herman Claudius"]
[Result "1-0"]
[WhiteElo "2473"]
[BlackElo "2376"]
[Annotator "Golod,V"]
[PlyCount "89"]
[EventDate "2001.03.08"]
[EventType "tourn"]
[EventRounds "11"]
[EventCountry "ARG"]
[EventCategory "8"]
[SourceTitle "CBM 082"]
[Source "ChessBase"]
[SourceDate "2001.05.17"]
[SourceVersion "1"]
[SourceVersionDate "2001.05.17"]
[SourceQuality "1"]

1. d4 d5 2. c4 e6 3. Nc3 Nf6 4. Bg5 Bb4 5. cxd5 exd5 6. Qc2 h6 7. Bxf6 {
Now white can expect only minimal advantage.} ({More essentially:} 7. Bh4 $5)
7... Qxf6 8. a3 Bxc3+ 9. Qxc3 Nd7 $5 (9... O-O $5 {See comments to Ivanov,
S-Yemelin,V/St. Petersburg,1998/CBM 67(1/2-1/2) (Golod,V) (55)}) 10. Nf3 c6 (
10... Qd6 $143 11. Rc1 c6 12. Qe3+ (12. e3 $142) 12... Qe7 13. Qxe7+ Kxe7 $11 {
Dubinka,I-Vasilevich,T/Alushta,1999(1/2-1/2)(26)}) 11. e3 ({Does not cost to
hasten with:} 11. Qe3+ Qe7 12. Qxe7+ Kxe7 13. e3 Nf6 $11 {Nowak,I-Masternak,G/
Lubniewice,1994(1/2-1/2) (41)}) 11... O-O 12. Be2 ({Possibly to put a bishop
on other point:} 12. Bd3 c5 $5 (12... Nb6 $143 13. Qc2 Be6 14. O-O Nc8 {
[%cal Gc8d6]} 15. Qc5 Bf5 {+/=/= Comp Hiarcs Master 3.0- Benjamin,J/Boston,
1994(0-1)(71)}) (12... Re8 13. O-O Qd6 14. b4 Nf6 15. Ne5 Ne4 16. Qc2 f6 17.
Ng6 Bf5 $11 {Frydman,P-Kashdan,I/Stockholm,1937(0-1)(120)}) 13. O-O b6 14. Rac1
c4 15. Bb1 b5 16. Qc2 g6 17. e4 dxe4 18. Qxe4 Nb6 $11 {Wolkowski,B-Schmoll,H/
GER,1997(0-1) (33)}) 12... Qe7 $146 ({Was checked in the previous games:} 12...
Re8 $5 13. O-O Qd6 $5 (13... b6 $143 14. Rfc1 Bb7 15. b4 Qe6 16. Qb2 f5 17. Bd3
$14 {Pachman,L-Kortschnoj,V/Havana,1963(1-0)(41)}) 14. Rac1 Nf6 15. Ne5 Ne4 $11
{Schlicht,H-Kroll,U/Balatonbereny,1996(0-1)(55)}) ({and} 12... Nb6 $5 13. Ne5
Bf5 14. O-O Nc8 15. b4 Nd6 16. a4 Rfe8 17. Rfc1 Rac8 18. Qb2 Ne4 $11 {Benko,
P-Bisguier,A/Lincoln,1969(1/2-1/2)(41)}) 13. O-O Nf6 14. b4 {[%csl Rb7,Rc6,Rd5]
[%cal Ga3a4,Gb4b5] White begin traditional attack of minority in the queen
side.} a6 15. a4 Bg4 16. b5 {+/=/=} axb5 17. axb5 Ne4 ({Pretty dubious:} 17...
cxb5 {in view of:} 18. Qb3 (18. Bxb5 $6 Ne4 19. Qb2 Bxf3 20. gxf3 Ng5 21. Be2
$132) 18... b4 19. Rab1 Ne4 {[%csl Rd2,Yf3][%cal Gg4f3]} 20. Qxb4 Qxb4 21. Rxb4
$14) 18. Qb2 Bxf3 $6 {[%mdl 16384] Not compelled positional mistake.} ({
Can be recommended:} 18... c5 19. dxc5 Nxc5 (19... Qxc5 $143 20. Rfc1 Qb6 (
20... Rxa1 $143 21. Qxa1) 21. Qd4 $14 Qxd4 22. Nxd4 Bxe2 23. Nxe2 $14) 20. Rfd1
Be6 {+/=/=}) 19. Bxf3 $14 f5 {Black it was not necessary to weaken K side.} ({
It deserves attention:} 19... Ng5 $5 20. Be2 $140 Ne6 $14) 20. Rxa8 Rxa8 21.
bxc6 bxc6 22. Rc1 {[%csl Rc6]} Qa3 {Again not the best decision.} (22... Qe6
$142) 23. Qxa3 Rxa3 {[%csl Rg1]} 24. g4 $1 {[%csl Rc6,Rf5]} Rc3 $2 {And it
already gross mistake.} (24... Nd2 $5 25. Kg2 Nxf3 26. Kxf3 fxg4+ 27. Kxg4 Ra6
$14 {[%csl Ya6]}) 25. Rxc3 Nxc3 26. gxf5 $16 {_|_ White simply so have
received pawn up.} Kf7 27. Bh5+ Kf6 ({Probably,it was better:} 27... Ke7 $5 {
[%csl Ye7][%cal Ye7e8]}) 28. Be8 Kxf5 29. Bxc6 Ke6 ({More stubborn resistance
after:} 29... Ke4 $5) 30. Kf1 Ne4 31. Bb7 g5 32. Bc8+ Kd6 33. f3 Nf6 34. Ke2 {
/\Kd3,e4 and so on.} h5 35. Kd3 g4 {It was a only way to prevent progress: e4.}
36. fxg4 hxg4 37. Ke2 $18 {[%csl Rg4][%cal Ge2f2,Gf2g3] The rest is the matter
of technics.} Kc6 38. Kf2 Kb5 39. Kg3 Kc4 40. Kf4 ({Also brings easy win:} 40.
Bxg4 Kd3 41. Kf4 {[%cal Gh2h4]} Nxg4 $8 42. Kxg4 Kxe3 43. h4 Kxd4 44. h5 Ke5 (
44... Ke3 45. h6 d4 46. h7 d3 47. h8=Q d2 48. Qc3+ Ke2 49. Qf3+ Ke1 50. Qe3+
$18) 45. Kg5 d4 46. h6 d3 47. h7 d2 48. h8=Q+) 40... Kd3 41. Bf5+ Kd2 42. Ke5 (
42. Bxg4 $5 {see comments to-40.Bxg4}) 42... Ng8 43. Bxg4 Kxe3 44. h4 {[%csl
Gg4,Rg8]} Ne7 45. h5 {[%cal Gh5h6,Yg4f5,Yf5h7]} (45. h5 Nc6+ 46. Kxd5 Nxd4 47.
h6 $18) 1-0

[Event "Dubai op 6th"]
[Site "Dubai"]
[Date "2004.04.24"]
[Round "6"]
[White "Gagunashvili, Merab"]
[Black "Vladimirov, Yevgeniy"]
[Result "1/2-1/2"]
[WhiteElo "2562"]
[BlackElo "2621"]
[Annotator "Golod,V"]
[PlyCount "49"]
[EventDate "2004.04.19"]
[EventType "swiss"]
[EventRounds "9"]
[EventCountry "UAE"]
[SourceTitle "CBM 101"]
[Source "ChessBase"]
[SourceDate "2004.07.27"]
[SourceVersion "1"]
[SourceVersionDate "2004.07.27"]
[SourceQuality "1"]

1. d4 Nf6 2. c4 e6 3. Nc3 Bb4 4. Qc2 d5 5. cxd5 exd5 6. Bg5 h6 7. Bh4 c5 8.
dxc5 g5 9. Bg3 Ne4 10. e3 Qa5 11. Nge2 Nc6 ({The main line is:} 11... Bf5 $5 {
You can see my comments to Atalik,S-Short,N/Sarajevo,2004/CBM 101(1/2-1/2)(27)}
) 12. a3 (12. f3 $143 {See comments to Alterman,B-Kortschnoj,V/Groningen,1993/
CBM 39(1/2-1/2)(Chekhov,V)(40)}) 12... Bf5 13. Qc1 {It's main line.Besides,
White has another interesting opportunity,that never used in practice:} (13.
Bc7 $5 $146 {[%mdl 8]} Qxc5 $1 {Although Black's queen stands worse at "c5",
Black have to try prevent developing of white's king side.} ({Doesn't get an
equality:} 13... Qxc7 $2 14. axb4 Nxb4 (14... Ng3 15. Nb5 $1 $36 {/\Qc3} Qe5
$140 16. Nd6+ Kf8 (16... Qxd6 $2 17. Qb3 $1 Qe7 18. Nxg3 $18) 17. Nxf5 Nxh1 (
17... Nxb4 $143 18. Qc3 $1 Nxh1 (18... Qxc3+ 19. bxc3 Nc2+ 20. Kd2 Nxh1 21.
Kxc2 $18) 19. Ned4 Nc6 20. g3 $18 {[%csl Rh1][%cal Gf1g2]}) 18. Ned4 Nxd4 19.
Nxd4 Qxh2 (19... Re8 $2 20. Nf3 Qf6 21. Qc3 $18) 20. Qf5 $1 $16) (14... Nxf2
15. Qxf5 Nxh1 16. Nxd5 Qxh2 17. b5 Ne7 18. Qe4 $1 Qh4+ 19. Qxh4 gxh4 20. Nc7+
Kd7 21. Nxa8 $16) 15. Qa4+ Nc6 16. Nxe4 Bxe4 17. Nc3 $16 {[%csl Rd5][%cal
Yf2f3,Yc3d5]}) (13... Bxc3+ $143 14. Qxc3 $1 {[%csl Ra5,Rh8][%cal Gc7a5,Gc3h8]
The idea behind Bc7.} Nxc3 15. Bxa5 Nxe2 16. Bb4 Ned4 17. exd4 Nxd4 18. Rd1
Nc2+ 19. Kd2 Nxb4 20. axb4 O-O-O $14) 14. Qb3 (14. Rc1 $2 Bxc3+ 15. Nxc3 {/\Bd3
} Rc8 16. Bd3 Rxc7 17. Nxe4 Qxc2 18. Nf6+ Kf8 19. Bxc2 Ne5 $1 20. Kd1 Be6 $15 {
Black has a small,but a stable advantage.White has some problems with
configuration of his pieces.}) 14... Bxc3+ 15. Nxc3 Nxc3 16. Qxc3 (16. bxc3
$144 Rc8 17. Bg3 O-O $11) 16... Qxc3+ 17. bxc3 Rc8 $11) 13... Nxc5 ({Of course
not:} 13... Bxc3+ $2 14. Nxc3 Nxc3 15. Qxc3 Qxc3+ 16. bxc3 $16) 14. axb4 Nd3+ (
{Immediately loses a game the following move:} 14... Qxb4 $2 15. Nd4 {[%csl
Rd3][%cal Yf1d3]} Nxd4 16. exd4 Qxd4 17. Bb5+ Kd8 18. O-O Nb3 $140 19. Qd1 $18)
15. Kd2 Qxb4 ({It was badly:} 15... Nxc1 $6 {in view of} 16. Rxa5 Nb3+ 17. Ke1
$1 Nxb4 18. Rxd5 Nxd5 19. Nxd5 $16) 16. Ra4 ({It deserves more attention:} 16.
Qc2 $5 Nc5 (16... Nxf2 $143 17. Qxf5 Nxh1 18. Kc2 $16 {with such a weak king,
Black has no chance to get something here.}) 17. Qxf5 Qxb2+ 18. Qc2 Nb3+ 19.
Kd1 Qxa1+ 20. Nc1 $14) 16... Nxc1 ({On:} 16... Qb3 $4 {will come:} 17. Qb1 $1
$18 {[%csl Gb1,Rf5]}) 17. Rxb4 Nxe2 18. Rxb7 Nxg3 19. hxg3 d4 $1 {Typical
break!} 20. exd4 {Obviously the best move.Besides,White may try:} (20. Nb5 $143
dxe3+ 21. Kxe3 $140 $2 (21. Kc3 $142 O-O $15) 21... O-O-O 22. Rc7+ Kb8 $17 {
[%csl Re3][%cal Gf5e4,Gh8e8]}) ({and} 20. Nd5 dxe3+ 21. Kxe3 O-O-O (21... O-O
$2 22. Rxh6 Rfe8+ 23. Kd2 Rad8 24. Rxc6 Rxd5+ 25. Kc3 $16) 22. Ba6 Rhe8+ 23.
Ne7+ $8 (23. Re7+ $2 Kb8 24. Rxe8 Rxe8+ 25. Kd2 Rd8 26. Bc4 Nb4 $19) 23... Nxe7
24. Rxe7+ Kb8 25. Rxe8 Rxe8+ 26. Kd4 $11) 20... Nxd4 21. Nd5 ({Even worse is:} 
21. Bc4 $6 O-O-O $1 22. Ba6 (22. Rxf7 $2 Nb3+ 23. Ke1 Rhe8+ 24. Be2 Bd3 {
[%csl Gd8,Re1,Re2,Ge8][%cal Gd8d2,Gd3e2]} 25. Rxa7 Kb8 $17) 22... Nb3+ 23. Ke1
Rhe8+ 24. Ne2 Bd3 25. Rb5+ Kc7 ({Of course not:} 25... Kd7 $4 26. Rd5+ $18) 26.
Rb7+ Kc8 27. Rb5+ $11) 21... Rd8 ({I can not recommended in this position:} 
21... Kf8 22. Bc4 Ne6 23. f3 (23. Ra1 $5 a5 24. b4 a4 25. Nc3 Rd8+ 26. Ke1 $16
{[%cal Gc3a4,Gc4e6]}) 23... Nc5 24. Rb5 Rc8 25. b4 Nd7 26. Ne3 $14 {Lazarev,
V-Olivier,J/France,2001(1-0)(44)}) 22. Bc4 O-O 23. Kc3 ({Leads to benefit of
the contender:} 23. Rxh6 $2 Be4 24. Nf6+ Kg7 25. Nxe4 Kxh6 $15) 23... Ne2+ 24.
Kb4 $6 ({In order to get an advantage,White had take the challenge and accept
the pawn sacrifice:} 24. Bxe2 $5 Rxd5 25. Rxa7 Rc8+ 26. Bc4 ({too dangerous is:
} 26. Kb3 $2 Be6 $15) 26... Bg6 (26... Rd3+ 27. Kb4 Rd4 (27... Rb8+ 28. Ka5 {
[%csl Rd3,Rf7][%cal Gc4d3,Gc4f7]} Rd4 29. Bxf7+ Kf8 30. Rxh6 $16) 28. b3 Be6
29. Kc3 Rg4 30. Rha1 {/\Ra8} Kg7 (30... Bxc4 31. Ra8 $1 Be6+ $140 32. Rxc8+
Bxc8 33. Ra8 $16) 31. Ra8 Rc7 32. R1a7 Rc6 33. Ra4 $16 {White has a healthy
extra-pawn,however he still has some difficulties.}) 27. b3 Rd3+ 28. Kb4 Rd2
29. f4 {+/=/+/-}) 24... Nd4 {Besides Black has two main alternatives.} (24...
Rb8 {Ftacnik,L} 25. Ne7+ Kh7 26. Rxb8 (26. Nxf5 {Ftacnik,L} Rxb7+ 27. Ka3 Rfb8
28. Rxh6+ Kg8 29. Rg6+ Kf8 30. Rxg5 $40) 26... Rxb8+ 27. Ka3 (27. Kc5 Bg4 28.
Re1 Rxb2 29. f3 $16) 27... Bg4 28. Nd5 Be6 29. Rd1 Bxd5 30. Rxd5 {פe2}) ({and
} 24... Kg7 $143 25. Rd1 Bg4 26. Rd2 $14 {You can see comments to Beliavsky,
A-Timman,J/Madrid,1995/CBM 47(1-0)(Ftacnik,L)(33)}) 25. Kc3 $11 {After this
move the contenders is agreed for draw.} (25. Rxh6 $5 Kg7 (25... Be4 26. Rh5 $1
Kg7 {transfers to 25...Kg7}) 26. Rh5 Be4 27. Rxg5+ Kh6 28. Rh5+ (28. f4 $2 f6 {
[%csl Rd5,Gf6][%cal Gf6g5,Yg5d5]}) 28... Kxh5 29. Nf6+ Kg5 30. Nxe4+ Kg6 $13) (
{Also once were checked in the preceding game:} 25. Ne7+ Kg7 26. Rxa7 Rb8+ 27.
Kc5 Ne6+ 28. Bxe6 Bxe6 $44 {You can see annotations to Kasparov,G-Timman,J/
Novgorod,1995/CBM 48(1/2-1/2)(Hansen,Cu)(33)}) 1/2-1/2

[Event "Zalaegerszeg"]
[Site "Zalaegerszeg"]
[Date "2004.04.29"]
[Round "6"]
[White "Acs, Peter"]
[Black "Balogh, Csaba"]
[Result "1-0"]
[WhiteElo "2548"]
[BlackElo "2468"]
[Annotator "Golod,V"]
[PlyCount "93"]
[EventDate "2004.04.24"]
[EventType "tourn"]
[EventRounds "9"]
[EventCountry "HUN"]
[EventCategory "13"]
[SourceTitle "CBM 101"]
[Source "ChessBase"]
[SourceDate "2004.07.27"]
[SourceVersion "1"]
[SourceVersionDate "2004.07.27"]
[SourceQuality "1"]

1. d4 Nf6 2. c4 e6 3. Nc3 Bb4 4. Qc2 d5 5. cxd5 exd5 6. Bg5 h6 7. Bxf6 ({
More poisoned continuation is:} 7. Bh4 $5 {You can see my comments to Popov,
V-Loginov,V/St.Petersburg,2003/CBM 95(1-0)(Golod,V)(25)}) 7... Qxf6 8. a3 Bxc3+
9. Qxc3 O-O (9... Nd7 $5 {See comments to Hoffman,A-Van Riemsdijk,H/Pinamar,
2001/CBM 82(1-0)(Golod,V)(45)}) 10. e3 Bf5 11. Ne2 $5 ({Also it deserves
attention:} 11. Nf3) ({and} 11. Rc1) (11. Qxc7 $6 Rc8 12. Qxb7 Nc6 $36) 11...
Nd7 ({The main line is:} 11... Rc8 $5 {You can see my comments to Ivanisevic,
I-Antic,D/Herceg Novi,2001/CBM 83(1-0)(Golod,V)(53)}) 12. Ng3 c5 13. Be2 $146 {
This novelty leads to immediate equality.} (13. Nxf5 $5 {Last time it played
in game: Ivanov,S-Yemelin,V/St. Petersburg,1998/CBM 67(1/2-1/2)(Golod,V)(55)})
(13. dxc5 $2 Qxc3+ 14. bxc3 Be6 $15) 13... cxd4 14. Qxd4 Qxd4 15. exd4 $11 Be6
(15... Bg6 $5 $11 {[%csl Gg6][%cal Yd7f6,Ya8c8,Yf8e8] From my point of view,it
is better to keep the bishop on /^ b1-h7,however the move in the game still
leads to equal position.}) 16. Rc1 f5 {It's difficult to explain this move.
After it Black remained the whole game with a bad bishop.} (16... Rac8 17. Kd2
Nf6 $11) 17. f4 {[%csl Re6]} Nf6 18. Bd3 Ne4 19. Bxe4 dxe4 ({It was better to
exchange the rooks,after:} 19... fxe4 $1 {[%cal Yf8f4]} 20. Rf1 (20. Rc7 Rxf4
21. Rxb7 Rf7 22. Rxf7 Kxf7 $11 {[%csl Rb2][%cal Ya8b8]}) (20. O-O $143 {
because White's king is far away from the center.}) 20... Rac8 21. Rxc8 (21.
Kd2 Rxc1 22. Kxc1 Rc8+ 23. Kd2 Rc4 24. Ke3 Rc2 25. Rf2 Rxf2 26. Kxf2 $11) 21...
Rxc8 22. Kd2 Rc4 23. Ke3 Rc2 24. Rf2 Rxf2 25. Kxf2 Kf7 $11) 20. Kf2 Rad8 ({
Why to give up from <->c ?} 20... Rac8 21. Ke3 g6 {+/=/=}) 21. Ke3 Rd5 $6 {
What the rook has been doing there?} (21... Rd7 $142 {[%cal Yd7c7,Gf8d8]}) 22.
Ne2 $14 Rfd8 $6 ({It was necessary to admit the mistake and move back with a
rook:} 22... Rd7) 23. Rc7 Rb5 $6 {The next dubious move.I can't understand
what was idea behind last rook's maneuver.} (23... R5d7 $142 24. Rhc1 g6 25. b4
$14) 24. b4 Rb6 ({Even now,it was possible to exchange one of the rooks:} 24...
Rd7 $1 25. Rxd7 Bxd7 26. Rc1 Kf7 27. Nc3 Rb6 28. g4 g6 29. d5 Ke7 30. Kd4 {
[%csl Ye3][%cal Gc3d1,Gd1e3]} Ra6 31. Ra1 $14) 25. Rhc1 Ra6 26. R1c3 Bd5 27.
Re7 $1 {[%csl Rd5,Rf5][%cal Ge5d5,Ge5f5,Ge7e5]} b5 (27... Kf8 28. Re5 g6 29. g4
$1 fxg4 $140 30. Ng3 $14) 28. Re5 g6 29. g4 $6 {There is no reason to hurry up
in such a kind of positions.} (29. h3 $142 $1 h5 (29... Bc4 $6 30. g4 fxg4 31.
hxg4 Bxe2 32. Kxe2 Rxd4 33. Rxb5 $16 {[%cal Gc3c7,Gb5b7]}) 30. g4 fxg4 31. hxg4
hxg4 32. Ng3 Rad6 33. Rg5 $16 {[%csl Rg4,Rg6][%cal Gg3f5]}) 29... fxg4 30. Ng3
h5 $2 {Badly done move.It is not a time to proceed the pawns. It leads only to
weaknesses on the king side.} (30... Rad6 $142 $1 {><g5.The difference between
this position and position with "h5"- is a protected square "g5".} 31. Nxe4
Bxe4 32. Rxe4 R8d7 $14) 31. Nxe4 Bxe4 32. Kxe4 Rad6 33. d5 $16 Kf7 34. Kd4 R6d7
$2 {Now Black also gives up the 6th horizontal.} (34... R8d7 $8 35. Rc8 a6 36.
Ke4 {[%cal Gc8c6]} (36. Kc5 $5 Rf6 37. Rc6 Rxf4 38. Rxa6 Rf2 $16) 36... Rf6 37.
Rc6 Rfd6 (37... Rxc6 $144 38. dxc6 Rd8 (38... Rc7 39. Kd5 $18) 39. f5 $16) 38.
Rxd6 Rxd6 39. Kd4 $16 {[%csl Gd5][%cal Yd4c5,Gd5d6]}) 35. Rc6 $1 {[%csl Rg6]
[%cal Ge5g5]} Rh8 (35... h4 36. Rg5 g3 37. hxg3 hxg3 38. Rc5 $18 {[%csl Yc5,
Rg3][%cal Yc5d5]}) 36. Rg5 Rhd8 37. Kc5 h4 38. Kd4 g3 39. hxg3 hxg3 40. Rc5 $18
{The rest is just a matter of technique.} a6 41. Rxg3 Rd6 42. Rc7+ Kf8 43. Rg5
Rf6 44. Ke4 a5 45. Rc6 Kf7 46. Re5 axb4 47. axb4 (47. axb4 Rdd6 48. Rxd6 Rxd6
49. Kd4 Rf6 50. Re4 $18 {[%csl Rb5][%cal Gd5d6,Gd4c5]}) 1-0

[Event "RUS-ch51"]
[Site "St Petersburg"]
[Date "1998.08.07"]
[Round "11"]
[White "Ivanov, Sergey"]
[Black "Yemelin, Vasily"]
[Result "1/2-1/2"]
[WhiteElo "2550"]
[BlackElo "2510"]
[Annotator "Golod,V"]
[PlyCount "110"]
[EventDate "1998.07.28"]
[EventType "swiss"]
[EventRounds "11"]
[EventCountry "RUS"]
[SourceTitle "CBM 067"]
[Source "ChessBase"]
[SourceDate "1998.11.30"]
[SourceVersion "2"]
[SourceVersionDate "1998.11.01"]
[SourceQuality "1"]

{[%mdl 6456]} 1. d4 {Hansen,LB} Nf6 2. c4 e6 3. Nc3 Bb4 4. Qc2 d5 5. cxd5 exd5
6. Bg5 h6 $5 {Is the main line,other lines are:6...c5,6...c6} (6... c5 {
Hansen,LB} 7. Nf3 cxd4 8. Nxd4 Nc6 9. Nxc6 bxc6 10. e3 h6 11. Bh4 O-O 12. Be2
d4 13. Rd1 dxc3 14. Rxd8 cxb2+ 15. Kf1 Rxd8 16. Qxb2 Be7 $44 {Tunik,G-Sokolov,
A/St. Petersburg/1998/}) 7. Bxf6 $5 ({Another line is:} 7. Bh4 $5) (7. Bh4 {
Hansen,LB} c5 8. dxc5 Nc6 9. e3 g5 10. Bg3 Ne4 11. Nf3 Qa5 12. Nd2 Nxc3 13.
bxc3 Bxc3 14. Rc1 Bf6 15. Bd6 $14 {Sapunov,E-Sokolov,A/St. Petersburg/1998/})
7... Qxf6 8. a3 Bxc3+ 9. Qxc3 O-O 10. e3 Bf5 $5 (10... c6 11. Nf3 Bf5 12. Be2
Nd7 13. b4 Be4 14. O-O Rfe8 15. Rfc1 a6 16. a4 $14 {1-0 Karpov,A-Ljubojevic,L/
Amber Rapid, Monte Carlo MON 1998 (51)} (16. a4 {Hansen,LB} Rac8 17. b5 axb5
18. axb5 c5 19. dxc5 Qxc3 20. Rxc3 Rxc5 21. Rxc5 Nxc5 22. Nd4 Ne6 23. f3 Nxd4
24. exd4 Bc2 25. Kf2 $14 {Karpov,A-Ljubojevic,L/Monaco rapid/1998/})) 11. Ne2
$5 ({White has several options:} 11. Nf3 $5) (11. Rc1 $5) (11. Qxc7 $6 Rc8 12.
Qxb7 Nc6 $36) 11... Nd7 $5 (11... Rc8 $143 12. Ng3 (12. Nf4 {Hansen,LB} c6 13.
Be2 Nd7 14. O-O Qe7 15. Qb4 $5 Qd8 16. Qxb7 Rab8 17. Qa6 Rxb2 18. Bd3 Be4 $13 {
Doroshkievich,V-Morozevich,A/Novgorod/1997/}) 12... Be6 13. b4 a5 14. Be2 axb4
15. axb4 Rxa1+ 16. Qxa1 Qe7 17. Qb2 Nc6 18. b5 Na5 19. O-O c5 20. bxc6 Rxc6 21.
Rb1 $14 {1-0 Seirawan,Y-Shaked,T/Hoogovens USA, Merrillville USA 1997 (39)
Hansen,LB: 'Seirawan,Y-Shaked,T/Merrillville/1997/'}) 12. Ng3 $5 (12. Rc1 Rfd8
13. b4 a5 14. Ng3 axb4 15. axb4 c6 16. Be2 Ra2 17. O-O $11 {1-0 Chernin,
A-Kindermann,S/AUT-chT9495 1995/EXP 45 (36)}) ({Dubious:} 12. Qxc7 Rfc8 13.
Qxb7 Rab8 14. Qxd5 Rxb2 $44) 12... c5 $5 {[%csl Rc3,Gf6][%cal Gc5d4]} ({
Slightly worse:} 12... Be6 13. b4 Rfc8 14. Rc1 a5 15. Be2 c6 16. O-O $14 {
1/2-1/2 Lautier,J-Arlandi,E/Haifa 1989/EU-chT (27)}) 13. Nxf5 $142 (13. dxc5 $2
Qxc3+ 14. bxc3 Be6 $15) 13... Qxf5 14. Bd3 ({Worse:} 14. dxc5 Rac8 15. b4 (15.
Bd3 Qg5 {[%csl Rc5,Rg2]} 16. O-O Nxc5 $11) 15... b6 16. Bb5 (16. Ba6 $6 Rc7 17.
Bb5 bxc5 18. Bxd7 $6 Qxd7 19. bxc5 Rfc8 20. Rc1 Qb5 $15) 16... bxc5 17. Bxd7
Qxd7 18. bxc5 Qb5 19. Rc1 Rc6 $11 {[%cal Gf8c8]}) 14... Qf6 $5 $146 (14... Qg4
$1 15. O-O cxd4 16. Qxd4 (16. exd4 $5 Rac8 17. Qb4 {+/=/=}) 16... Qxd4 17. exd4
{'+/=' Hansen,LB. '+/=' Hansen,LB. Hansen,LB: 'ECO '} Rfc8 18. Rfc1 Nf8 19. Bf5
Ne6 20. Bxe6 fxe6 21. f4 Kf7 22. Kf2 Ke7 23. Ke3 Kd6 24. b3 {1/2-1/2 Arlandi,
E-Kotronias,V/Debrecen 1992/EU-chT (24)}) 15. O-O {+/=/=} Rfc8 $5 ({After} 
15... cxd4 {white transfers to slightly better endgame} 16. Qxd4 (16. exd4 $5
Rac8 17. Qb4 {'+/=' Hansen,LB.}) 16... Qxd4 17. exd4 {+/=/=}) 16. Rac1 c4 $5
17. Bb1 {White's plan is:f3,e4(play on the centre).Black's plan is:b5,a5,b4
(play on the queen side)} b5 18. f3 {'!' Hansen,LB.} a5 19. e4 $1 {Hansen,LB:
'Following the old truth: An attack on one of the wings (c5-c4,b7-b5,a7-a5) is
countered by play in the centre (f2-f3,e3-e4).'} (19. Rcd1 $143 Rcb8 20. e4 b4
21. axb4 axb4 22. Qe3 $13) 19... b4 $1 {[%csl Rd4]} 20. axb4 (20. Qe3 $143 Rab8
$1 $13) 20... axb4 21. Qe3 Qb6 $5 {(/\22...c3 and after 23.bxc3 Ra3~~)} 22. e5
Nf8 $5 {[%csl Rd4][%cal Gf8e6]} 23. f4 $5 c3 $1 (23... Ne6 $140 24. Rfd1 $14 {
[%cal Gf4f5]} (24. Rcd1 $2 c3 $36)) 24. bxc3 bxc3 {[%csl Rd4][%cal Gc8c4,Gf8e6]
} ({Good enough:} 24... Ra3 $13) (24... Ra3 $5 {Hansen,LB} 25. f5 Raxc3 26.
Rxc3 Rxc3 (26... bxc3 27. Bc2 Rc4 28. Rd1 $13) 27. Qd2 Rc4 28. Rd1 $13) 25. f5
$5 (25. Rxc3 {This move is refuted by:} Rxc3 26. Qxc3 Ne6 {[%csl Rd4,Rf4]} 27.
Rd1 $6 (27. Kh1 $5 $11) 27... Nxf4 28. Qe3 Ne6 $15) 25... Rc4 {[%csl Rd4][%cal
Ga8a4]} 26. Rxc3 Qxd4 27. Qxd4 Rxd4 28. Re1 Rd2 $5 {[%cal Ga8b8,Gb8b2]} 29. Rd3
Rxd3 (29... Raa2 $4 30. Bxa2 $1 (30. Rxd2 Rxd2 31. e6 $2 fxe6 32. fxe6 Nxe6 33.
Rxe6 Rd1+ 34. Kf2 Rxb1 {=/+_|_}) 30... Rxd3 31. e6 fxe6 32. fxe6 Ng6 33. e7
Nxe7 34. Rxe7 Rd1+ 35. Kf2 Rd2+ 36. Re2 $18) 30. Bxd3 {+/=/=_|_ '+/=' Hansen,
LB.} Re8 {[%cal Gf8d7]} (30... Nd7 $5 {Hansen,LB}) 31. Kf2 {[%cal Yf2e1]} g6 ({
Dubios:} 31... Nd7 {in view of:} 32. Bb5 Re7 33. Bxd7 Rxd7 34. Ke3 $14) 32. g4
Re7 $5 {/\Nd7(קe5)} 33. Bb5 {[%csl Yd7][%cal Gb5d7]} h5 34. h3 Nh7 $5 {
[%csl Ye4,Rh3][%cal Gg5e4,Gg5h3,Yh7g5]} (34... hxg4 {Hansen,LB} 35. hxg4 gxf5
36. gxf5 Nd7 $5 37. f6 (37. Bxd7 Rxd7 $14) 37... Nxf6 $1 38. Rg1+ (38. exf6
Rxe1 39. Kxe1 Kh7 $11) 38... Kf8 39. exf6 Re6 $14 {reaching the notorious R +
B vs R.}) 35. Bc6 (35. f6 $5) 35... d4 36. Bd5 {[%csl Rg8][%cal Gd5g8]} Rd7 37.
Bc4 Rc7 38. Bd3 (38. Rc1 {[%cal Gf5g6]} gxf5 39. gxf5 Re7 (39... Kg7 $5) 40.
Re1 Rc7 41. Bd3 Rc3 42. Rd1 Rc5 {+/=/=}) 38... hxg4 39. hxg4 Rc3 40. Rd1 Ng5 $1
{'!?' Hansen,LB.} (40... Nf8 $2 41. Kf3 Rc5 42. Ke4 (42. Kf4 $5) 42... Nd7 43.
e6 {+/=/+/-}) (40... gxf5 {Hansen,LB} 41. gxf5 $14) 41. fxg6 (41. Kg3 $6 Ne4+
42. Kg2 (42. Kf4 $4 Nf2 $19) (42. Kf3 Nc5 43. Ke2 $11) 42... Nc5 43. Bb5 Re3
$11) 41... fxg6 42. Bxg6 Rf3+ 43. Kg2 Re3 44. Rxd4 Rxe5 $11 45. Kg3 Kg7 46. Bf5
(46. Kf4 $2 Kxg6 $1 47. Kxe5 (47. Rd6+ Re6 $11) 47... Nf3+ 48. Ke4 Nxd4 49.
Kxd4 Kg5 $11) 46... Re1 47. Rd7+ Kf6 48. Rd6+ Ke5 $1 49. Rg6 Rg1+ 50. Kf2 (50.
Kh2 $4 Nf3+ 51. Kh3 Kf4 $19 {[%csl Rh3][%cal Gg1g3]}) 50... Nh3+ 51. Kf3 Rf1+
$1 52. Kg3 $140 Rxf5 $1 53. Kxh3 (53. gxf5 Kxf5 54. Rb6 Ng5 $11) 53... Rf6 54.
Rg8 (54. Rg5+ Ke6 $11 {[%cal Ge6f7]} (54... Kf4 $2 55. Rh5 Rg6 $140 56. Rf5+
$18)) 54... Rh6+ 55. Kg3 Kf6 (55... Kf6 $1 {[%cal Gh6g6,Gf6f7]} 56. g5+ (56.
Kf4 Kf7 $11) 56... Kf7 57. gxh6 Kxg8 $11) 1/2-1/2